[Event "ISL-chT Kvika 2324"]
[Site "Reykjavik"]
[Date "2023.10.14"]
[Round "4.3"]
[White "Sverrisson, Nokkvi"]
[Black "Thorfinnsson, Bjorn"]
[Result "0-1"]
[WhiteElo "2056"]
[BlackElo "2368"]
[PlyCount "62"]
[EventDate "2023.10.12"]
[EventType "team-tourn"]
[EventRounds "10"]
[EventCountry "ISL"]
[SourceTitle "Mega2024 Update 01"]
[Source "Chessbase"]
[SourceDate "2023.11.12"]
[SourceVersion "1"]
[SourceVersionDate "2023.11.12"]
[SourceQuality "1"]
[WhiteTeam "Taflfelag Vestmannaeyja"]
[BlackTeam "Vikingaklubburinn"]
[WhiteTeamCountry "ISL"]
[BlackTeamCountry "ISL"]

1. e4 e5 2. Nf3 Nc6 3. d4 exd4 4. Bc4 Nf6 5. e5 d5 6. Bb5 Nd7 7. 0-0 Bc5 8. Bxc6 bxc6 9. Bg5 Be7 10. Nxd4 Bb7 11. Bxe7 Qxe7 12. c4 0-0 13. Re1 c5 14. Nb5 d4 15. Nd2 Nb6 16. f4 a6 17. Na3 f6 18. Qg4 Rae8 19. Re2 Nd7 20. exf6 Nxf6 21. Rxe7 Nxg4 22. Rae1 Rxe7 23. Rxe7 Rxf4 24. Rxc7 Rf2 25. Nab1 Rxg2+ 26. Kf1 Ne3+ 27. Ke1 d3 28. Nc3 Nc2+ 29. Kf1 Rxd2 30. Rxb7 Ne3+ 31. Ke1 Rxh2 0-1

[Event "ISL-chT2 1921"]
[Site "Reykjavik"]
[Date "2019.10.05"]
[Round "3.3"]
[White "Johannsdottir, Johanna Bjorg"]
[Black "Sverrisson, Nokkvi"]
[Result "1/2-1/2"]
[WhiteElo "1894"]
[BlackElo "2039"]
[PlyCount "60"]
[EventDate "2019.10.04"]
[EventType "team-tourn"]
[EventRounds "7"]
[EventCountry "ISL"]
[SourceTitle "EXT 2024"]
[Source "ChessBase"]
[SourceDate "2023.10.10"]
[SourceVersion "1"]
[SourceVersionDate "2023.10.10"]
[SourceQuality "1"]
[WhiteTeam "Huginn II"]
[BlackTeam "Vestmannaeyja"]
[WhiteTeamCountry "ISL"]
[BlackTeamCountry "ISL"]

1. e4 c5 2. Nf3 d6 3. Bc4 Nf6 4. d3 e6 5. Bb3 Be7 6. Nbd2 0-0 7. 0-0 Nc6 8. c3 d5 9. e5 Nd7 10. Re1 Qc7 11. d4 cxd4 12. cxd4 f6 13. exf6 Nxf6 14. Nf1 Bd6 15. Ng3 Bd7 16. a3 Rac8 17. Bg5 Na5 18. Ne5 Nxb3 19. Qxb3 Bxe5 20. Rxe5 Qb6 21. Qxb6 axb6 22. Re2 Rc4 23. Rd1 Rfc8 24. Nf1 Rc2 25. Rxc2 Rxc2 26. Bc1 Kf7 27. Ne3 Rc7 28. Bd2 Ba4 29. Re1 h5 30. f3 g6 1/2-1/2

[Event "ISL-chT2 1921"]
[Site "Reykjavik"]
[Date "2019.10.04"]
[Round "1.2"]
[White "Sverrisson, Nokkvi"]
[Black "Ingibergsson, Valgard"]
[Result "1/2-1/2"]
[WhiteElo "2039"]
[BlackElo "1838"]
[PlyCount "69"]
[EventDate "2019.10.04"]
[EventType "team-tourn"]
[EventRounds "7"]
[EventCountry "ISL"]
[SourceTitle "EXT 2024"]
[Source "ChessBase"]
[SourceDate "2023.10.10"]
[SourceVersion "1"]
[SourceVersionDate "2023.10.10"]
[SourceQuality "1"]
[WhiteTeam "Vestmannaeyja"]
[BlackTeam "Gardabaer II"]
[WhiteTeamCountry "ISL"]
[BlackTeamCountry "ISL"]

1. e4 e5 2. Nf3 Nc6 3. d4 exd4 4. Bc4 Bc5 5. c3 d3 6. Qxd3 d6 7. b4 Bb6 8. a4 a6 9. 0-0 Bg4 10. Bg5 Nge7 11. Nbd2 0-0 12. h3 Bxf3 13. Nxf3 Kh8 14. e5 Qd7 15. Rfe1 d5 16. b5 axb5 17. axb5 Qe6 18. Ba2 Na5 19. Bb1 Ng6 20. h4 Rfe8 21. h5 Nf8 22. h6 g6 23. Ba2 Nc4 24. Bxc4 dxc4 25. Qe4 Rxa1 26. Rxa1 Nd7 27. Qf4 Kg8 28. Re1 Bc5 29. Qd2 Nb6 30. Nd4 Bxd4 31. Qxd4 Qd5 32. Qf4 Qe6 33. Qd4 Qd5 34. Qf4 Qe6 35. Qd4 1/2-1/2

[Event "ISL-chT2 1718"]
[Site "Reykjavik"]
[Date "2017.10.21"]
[Round "2.4"]
[White "Magnusson, Patrekur Maron"]
[Black "Sverrisson, Nokkvi"]
[Result "1-0"]
[WhiteElo "2031"]
[BlackElo "2067"]
[PlyCount "71"]
[EventDate "2017.10.20"]
[EventType "team-tourn"]
[EventRounds "7"]
[EventCountry "ISL"]
[SourceTitle "CBM 181 Extra"]
[Source "ChessBase"]
[SourceDate "2017.12.12"]
[SourceVersion "1"]
[SourceVersionDate "2017.12.12"]
[SourceQuality "1"]
[WhiteTeam "Hrokar alls Fagnadar"]
[BlackTeam "Selfoss"]
[WhiteTeamCountry "ISL"]
[BlackTeamCountry "ISL"]

1. e4 c5 2. Nf3 d6 3. g3 Nf6 4. d3 g6 5. Bg2 Bg7 6. 0-0 0-0 7. Qe2 Nc6 8. c3 Qb6 9. Na3 Rd8 10. Rd1 a6 11. d4 cxd4 12. Nxd4 Bg4 13. Bf3 Nxd4 14. Rxd4 Bxf3 15. Qxf3 Rac8 16. Rb4 Qc6 17. Rc4 Qb6 18. Rb4 Qc6 19. Be3 Nd7 20. Bd4 Nc5 21. Bxg7 Kxg7 22. Qe3 a5 23. Rd4 e5 24. Rd5 b5 25. Rad1 Na4 26. Rxb5 Rb8 27. Qe2 Nc5 28. f3 Na4 29. Rd2 Rdc8 30. Kg2 f5 31. Rxb8 Rxb8 32. Nc4 fxe4 33. Qxe4 Qc5 34. Rxd6 Nxb2 35. Rd7+ Kg8 36. Nxe5 1-0

[Event "ISL-chT 1415"]
[Site "Reykjavik"]
[Date "2014.10.03"]
[Round "2.3"]
[White "Teitsson, Magnus"]
[Black "Sverrisson, Nokkvi"]
[Result "1-0"]
[WhiteElo "2200"]
[BlackElo "2082"]
[PlyCount "45"]
[EventDate "2014.10.02"]
[EventType "team-tourn"]
[EventRounds "9"]
[EventCountry "ISL"]
[SourceTitle "EXT 2015"]
[Source "ChessBase"]
[SourceDate "2014.11.20"]
[SourceVersion "1"]
[SourceVersionDate "2014.11.20"]
[SourceQuality "1"]
[WhiteTeam "Huginn II"]
[BlackTeam "Island"]
[WhiteTeamCountry "ISL"]
[BlackTeamCountry "ISL"]

1. d4 Nf6 2. Nf3 e6 3. g3 c5 4. c4 cxd4 5. Nxd4 Nc6 6. Bg2 Bc5 7. e3 Qb6 8. 0-0 Nxd4 9. exd4 Bxd4 10. Nc3 a6 11. Na4 Qa7 12. Be3 Bxe3 13. fxe3 Qxe3+ 14. Kh1 Ne4 15. Qc2 Nf6 16. Rae1 Qh6 17. Nb6 Rb8 18. Rf4 0-0 19. c5 Rd8 20. Qd3 Qg5 21. Qd6 e5 22. Rxe5 Qh6 23. h4 1-0

[Event "Reykjavik op"]
[Site "Reykjavik"]
[Date "2014.03.12"]
[Round "10"]
[White "Sverrisson, Nokkvi"]
[Black "Steindorsson, Sigurdur Pall"]
[Result "1-0"]
[WhiteElo "2066"]
[BlackElo "2215"]
[PlyCount "70"]
[EventDate "2014.03.04"]
[EventType "swiss"]
[EventRounds "10"]
[EventCountry "ISL"]
[SourceTitle "CBM 159 Extra"]
[Source "ChessBase"]
[SourceDate "2014.04.24"]
[SourceVersion "1"]
[SourceVersionDate "2014.04.24"]
[SourceQuality "1"]

1. e4 d5 2. exd5 Qxd5 3. Nc3 Qd6 4. d4 Nf6 5. Bc4 a6 6. Nge2 Bg4 7. f3 Bf5 8. Bf4 Qb6 9. Bb3 e6 10. g4 Bg6 11. d5 Nxd5 12. Nxd5 exd5 13. Qxd5 Nd7 14. 0-0-0 0-0-0 15. Nc3 Be7 16. Qc4 Ne5 17. Qe2 Bd6 18. Bxe5 Rhe8 19. Bd4 Rxe2 20. Bxb6 Bf4+ 21. Kb1 Red2 22. Rxd2 Rxd2 23. Nd5 Rxd5 24. Bxd5 cxb6 25. Be4 Bxe4 26. fxe4 f6 27. h3 Kd7 28. Rd1+ Bd6 29. Rd5 Ke6 30. c4 Ke7 31. Kc2 Ke6 32. Kd3 Ke7 33. a3 Kd7 34. b4 Kc6 35. Kd4 Bc7 1-0

[Event "Reykjavik op"]
[Site "Reykjavik"]
[Date "2014.03.11"]
[Round "9"]
[White "Hoffmann, Hendrik"]
[Black "Sverrisson, Nokkvi"]
[Result "1/2-1/2"]
[WhiteElo "2244"]
[BlackElo "2066"]
[PlyCount "77"]
[EventDate "2014.03.04"]
[EventType "swiss"]
[EventRounds "10"]
[EventCountry "ISL"]
[SourceTitle "CBM 159 Extra"]
[Source "ChessBase"]
[SourceDate "2014.04.24"]
[SourceVersion "1"]
[SourceVersionDate "2014.04.24"]
[SourceQuality "1"]

1. e4 c5 2. Nf3 d6 3. d4 cxd4 4. Nxd4 Nf6 5. Nc3 g6 6. Be3 Bg7 7. f3 0-0 8. Bc4 Nc6 9. Qd2 Bd7 10. 0-0-0 Rc8 11. Bb3 Ne5 12. Kb1 Re8 13. h4 h5 14. Bh6 Nc4 15. Bxc4 Rxc4 16. Bxg7 Kxg7 17. g4 hxg4 18. h5 Rh8 19. hxg6 fxg6 20. f4 e5 21. Nde2 Nxe4 22. Nxe4 Rxh1 23. Rxh1 Rxe4 24. fxe5 Rxe5 25. Qh6+ Kf6 26. Nf4 Qe8 27. Qh4+ Kg7 28. Qh6+ Kf6 29. Nd3 Rf5 30. Re1 Qf7 31. Qh8+ Kg5 32. Qd8+ Rf6 33. Re7 Rf1+ 34. Ne1 Kh6 35. b3 Qf2 36. Qh8+ Kg5 37. Qd8 Kh6 38. Qh8+ Kg5 39. Qd8 1/2-1/2

[Event "ISL-ch op"]
[Site "Reykjavik"]
[Date "2013.06.07"]
[Round "9"]
[White "Bergsson, Stefan"]
[Black "Sverrisson, Nokkvi"]
[Result "0-1"]
[WhiteElo "2157"]
[BlackElo "2012"]
[PlyCount "84"]
[EventDate "2013.05.31"]
[EventType "swiss"]
[EventRounds "10"]
[EventCountry "ISL"]
[SourceTitle "CBM 154 Extra"]
[Source "ChessBase"]
[SourceDate "2013.06.25"]
[SourceVersion "2"]
[SourceVersionDate "2013.06.25"]
[SourceQuality "1"]

1. e4 c5 2. Nc3 Nc6 3. Bb5 Nd4 4. Bc4 e6 5. f4 Ne7 6. a4 Nec6 7. Nf3 Nxf3+ 8. Qxf3 Nd4 9. Qd1 b6 10. 0-0 Bb7 11. d3 d5 12. Ba2 Be7 13. Be3 dxe4 14. Nxe4 Qd7 15. Kh1 Rd8 16. Bg1 0-0 17. a5 Qc7 18. Rc1 Bxe4 19. dxe4 Nb3 20. Bxb3 Rxd1 21. Rcxd1 b5 22. c4 Rd8 23. Rxd8+ Qxd8 24. Rd1 Qxa5 25. Rd7 Bf8 26. Rb7 b4 27. Bd1 Qa6 28. Rb5 Qc8 29. e5 a6 30. Ra5 Qd8 31. Ra1 Qd2 32. b3 Qxf4 33. Rxa6 Qxe5 34. Rc6 g6 35. Bf3 h5 36. Rc8 Kg7 37. Rd8 Be7 38. Rd3 Bf6 39. Re3 Qb2 40. Bd1 Bd4 41. Re1 Bxg1 42. Rxg1 e5 0-1

[Event "ISL-ch op"]
[Site "Reykjavik"]
[Date "2013.06.01"]
[Round "3"]
[White "Thorfinnsson, Bjorn"]
[Black "Sverrisson, Nokkvi"]
[Result "1-0"]
[WhiteElo "2377"]
[BlackElo "2012"]
[PlyCount "69"]
[EventDate "2013.05.31"]
[EventType "swiss"]
[EventRounds "10"]
[EventCountry "ISL"]
[SourceTitle "CBM 154 Extra"]
[Source "ChessBase"]
[SourceDate "2013.06.25"]
[SourceVersion "2"]
[SourceVersionDate "2013.06.25"]
[SourceQuality "1"]

1. d4 Nf6 2. Bg5 e6 3. Nd2 h6 4. Bh4 d5 5. e3 Be7 6. Bd3 0-0 7. f4 b6 8. Qe2 c5 9. c3 a5 10. Ngf3 Ba6 11. Bxa6 Nxa6 12. Bxf6 Bxf6 13. g4 g6 14. h4 Bg7 15. h5 cxd4 16. exd4 Qf6 17. Qe3 gxh5 18. Rxh5 Rfd8 19. Ke2 Kf8 20. Ne5 Nb8 21. Rf1 Ra7 22. Qd3 Rd6 23. Qh3 Qd8 24. Rxh6 Bxh6 25. Qxh6+ Ke8 26. Qh8+ Ke7 27. Qg7 Qe8 28. Qg5+ f6 29. Qg7+ Kd8 30. Qxa7 Kc8 31. Qf7 Qb5+ 32. Nd3 Nd7 33. Rh1 Kb7 34. Rh8 e5 35. Qe8 1-0

[Event "Reykjavik op"]
[Site "Reykjavik"]
[Date "2013.02.22"]
[Round "5"]
[White "Thompson, Ian D"]
[Black "Sverrisson, Nokkvi"]
[Result "1/2-1/2"]
[WhiteElo "2260"]
[BlackElo "1990"]
[PlyCount "68"]
[EventDate "2013.02.19"]
[EventType "swiss"]
[EventRounds "10"]
[EventCountry "ISL"]
[SourceTitle "CBM 153 Extra"]
[Source "ChessBase"]
[SourceDate "2013.04.22"]
[SourceVersion "1"]
[SourceVersionDate "2013.04.22"]
[SourceQuality "1"]

1. c4 e5 2. g3 Nf6 3. Bg2 d5 4. cxd5 Nxd5 5. Nf3 Nc6 6. 0-0 Nb6 7. d3 Be7 8. Nbd2 Be6 9. b3 0-0 10. Bb2 f6 11. Rc1 Bd5 12. a3 a5 13. Nc4 Nxc4 14. bxc4 Be6 15. Qc2 Qc8 16. e3 Bh3 17. d4 Bxg2 18. Kxg2 exd4 19. exd4 Re8 20. d5 Nd8 21. c5 Nf7 22. Rfe1 Bf8 23. Bd4 Qd7 24. Rxe8 Rxe8 25. Qb3 Rd8 26. c6 Qxd5 27. Qxd5 Rxd5 28. cxb7 Rb5 29. Rxc7 Nd6 30. a4 Rxb7 31. Rc5 Ra7 32. Rd5 Ra6 33. Bc5 Ne4 34. Bd4 Bb4 1/2-1/2

[Event "Nordic-ch U18 Gp-A"]
[Site "Bifrost"]
[Date "2013.02.09"]
[Round "3"]
[White "Sverrisson, Nokkvi"]
[Black "Vormadal, Runi E"]
[Result "1/2-1/2"]
[WhiteElo "1990"]
[BlackElo "1691"]
[PlyCount "59"]
[EventDate "2013.02.08"]
[EventType "swiss"]
[EventRounds "6"]
[EventCountry "ISL"]
[SourceTitle "EXT 2014"]
[Source "ChessBase"]
[SourceDate "2013.11.20"]
[SourceVersion "1"]
[SourceVersionDate "2013.11.20"]
[SourceQuality "1"]

1. e4 c5 2. Nf3 Nc6 3. d4 cxd4 4. Nxd4 Nf6 5. Nc3 e6 6. Be3 Bb4 7. Bd3 d5 8. Nxc6 bxc6 9. e5 d4 10. exf6 Qxf6 11. 0-0 Bxc3 12. bxc3 dxe3 13. fxe3 Qxc3 14. Rb1 0-0 15. Rf4 Qc5 16. Qf3 h6 17. Rf1 f5 18. Rc4 Qe7 19. Qxc6 Rb8 20. Qc7 Rb7 21. Qe5 Rd7 22. Rc5 Bb7 23. Rb1 Bd5 24. Ra5 Qg5 25. g3 Rff7 26. Ra4 Qh5 27. Qf4 g5 28. Qf2 Rb7 29. Rf1 Rb2 30. a3 1/2-1/2

[Event "Nordic-ch U18 Gp-A"]
[Site "Bifrost"]
[Date "2013.02.08"]
[Round "2"]
[White "Jacobsen, Heidrikur Tindskar"]
[Black "Sverrisson, Nokkvi"]
[Result "1-0"]
[WhiteElo "1876"]
[BlackElo "1990"]
[PlyCount "101"]
[EventDate "2013.02.08"]
[EventType "swiss"]
[EventRounds "6"]
[EventCountry "ISL"]
[SourceTitle "EXT 2014"]
[Source "ChessBase"]
[SourceDate "2013.11.20"]
[SourceVersion "1"]
[SourceVersionDate "2013.11.20"]
[SourceQuality "1"]

1. Nc3 e5 2. e4 Nf6 3. f4 d6 4. Nf3 Nc6 5. Bb5 Bg4 6. h3 Bxf3 7. Qxf3 Qd7 8. fxe5 dxe5 9. Nd5 Be7 10. d3 a6 11. Bxc6 Qxc6 12. Nxe7 Kxe7 13. Bg5 Rad8 14. 0-0-0 Qe6 15. Kb1 c5 16. Rhf1 Rd6 17. Qg3 Rhd8 18. Rf5 Kf8 19. Rxe5 Qd7 20. Bxf6 Rxf6 21. Rxc5 Qd4 22. Qe5 Qf2 23. Rc7 Re8 24. Qc5+ Qxc5 25. Rxc5 Rf2 26. Rg1 g6 27. a3 Re7 28. g4 Kg7 29. Rg3 Rh2 30. Rf3 Rd7 31. Ka2 Rd2 32. Kb3 Rg2 33. Kc3 b5 34. Kb4 Rg1 35. Kc3 Rg2 36. d4 Re2 37. e5 Re4 38. Rd3 h6 39. Rc6 a5 40. Rb6 Rd5 41. Rd6 Rxd6 42. exd6 Re6 43. d5 Rxd6 44. Kd4 Rd8 45. Kc5 Kf6 46. Kxb5 Ke5 47. c4 f5 48. gxf5 gxf5 49. c5 Ke4 50. Rd1 f4 51. c6 1-0

[Event "SCO-ch 119th"]
[Site "Glasgow"]
[Date "2012.07.12"]
[Round "6"]
[White "Sverrisson, Nokkvi"]
[Black "Campbell, Eoin S"]
[Result "1-0"]
[WhiteElo "1973"]
[BlackElo "1868"]
[PlyCount "57"]
[EventDate "2012.07.07"]
[EventType "swiss"]
[EventRounds "9"]
[EventCountry "SCO"]
[SourceTitle "CBM 149 Extra"]
[Source "ChessBase"]
[SourceDate "2012.08.24"]
[SourceVersion "1"]
[SourceVersionDate "2012.08.24"]
[SourceQuality "1"]

1. e4 d6 2. d4 Nf6 3. Nc3 g6 4. Be3 a6 5. Qd2 b5 6. Bd3 Nc6 7. Nf3 e5 8. d5 Nb4 9. Be2 Ng4 10. a3 Nxe3 11. fxe3 Nxc2+ 12. Qxc2 Bh6 13. Qd3 Bd7 14. b4 Qb8 15. 0-0 Qb6 16. Nd1 a5 17. bxa5 Rxa5 18. Nd2 0-0 19. Kh1 Rfa8 20. Rf3 b4 21. Nc4 Bb5 22. Nxb6 Bxd3 23. Nxa8 Bxe2 24. Nxc7 Bxf3 25. gxf3 Rxa3 26. Rxa3 bxa3 27. Nc3 Bxe3 28. N7b5 Bd2 29. Na2 1-0

[Event "SCO-ch 119th"]
[Site "Glasgow"]
[Date "2012.07.09"]
[Round "3"]
[White "Aagaard, Jacob"]
[Black "Sverrisson, Nokkvi"]
[Result "1-0"]
[WhiteElo "2506"]
[BlackElo "1973"]
[PlyCount "61"]
[EventDate "2012.07.07"]
[EventType "swiss"]
[EventRounds "9"]
[EventCountry "SCO"]
[SourceTitle "CBM 149 Extra"]
[Source "ChessBase"]
[SourceDate "2012.08.24"]
[SourceVersion "1"]
[SourceVersionDate "2012.08.24"]
[SourceQuality "1"]

1. e4 c5 2. Nf3 d6 3. d4 cxd4 4. Nxd4 Nf6 5. Nc3 g6 6. Be3 Bg7 7. f3 0-0 8. Qd2 Nc6 9. Bc4 Bd7 10. h4 h5 11. 0-0-0 Rc8 12. Bb3 Ne5 13. Bg5 Rc5 14. Kb1 a5 15. a4 Qc8 16. g4 hxg4 17. h5 Nxh5 18. Bh6 Nxf3 19. Nxf3 gxf3 20. Nd5 Rxd5 21. Bxd5 Bh3 22. Rdg1 Kh7 23. Bxg7 Kxg7 24. Qg5 Rh8 25. Qxe7 Qd7 26. Rxg6+ Kxg6 27. Rg1+ Kh7 28. Qg5 Bg2 29. Qxh5+ Kg7 30. Qxf3 Kf8 31. Qxg2 1-0

[Event "Reykjavik op"]
[Site "Reykjavik"]
[Date "2012.03.11"]
[Round "6"]
[White "Johannesson, Oliver Aron"]
[Black "Sverrisson, Nokkvi"]
[Result "1/2-1/2"]
[WhiteElo "1677"]
[BlackElo "1928"]
[PlyCount "101"]
[EventDate "2012.03.06"]
[EventType "swiss"]
[EventRounds "9"]
[EventCountry "ISL"]
[SourceTitle "CBM 147 Extra"]
[Source "ChessBase"]
[SourceDate "2012.04.24"]
[SourceVersion "1"]
[SourceVersionDate "2012.04.24"]
[SourceQuality "1"]

1. e4 c5 2. Nc3 Nc6 3. f4 e6 4. Nf3 d5 5. Bb5 Nge7 6. exd5 Nxd5 7. 0-0 Nxf4 8. d4 Ng6 9. d5 exd5 10. Nxd5 Be6 11. c4 Be7 12. Qa4 Bd7 13. Nxe7 Ngxe7 14. Ng5 0-0 15. Qc2 Ng6 16. Be3 Nd4 17. Bxd4 cxd4 18. Bxd7 Qxd7 19. Rf5 h6 20. Rd5 Qg4 21. Nf3 Rad8 22. Rd1 Rxd5 23. cxd5 Rc8 24. Qd2 Nf4 25. Nxd4 Nxd5 26. h3 Qe4 27. Nf5 Qxf5 28. Qxd5 Qxd5 29. Rxd5 Rc2 30. Rd8+ Kh7 31. Rd7 Rxb2 32. Rxf7 a6 33. a4 b5 34. Ra7 bxa4 35. Rxa6 Rb4 36. g3 Rb3 37. Rxa4 Rxg3+ 38. Kh2 Rf3 39. Kg2 Rf5 40. Ra6 Rf6 41. Ra7 Kg6 42. Kg3 Rb6 43. Ra5 Kf6 44. Rc5 g5 45. Ra5 Kg6 46. Rc5 Rb4 47. Rc6+ Kh5 48. Rc3 Rb1 49. Rc4 Rb3+ 50. Kg2 Rd3 51. Ra4 1/2-1/2

[Event "Reykjavik op"]
[Site "Reykjavik"]
[Date "2012.03.10"]
[Round "5"]
[White "Sverrisson, Nokkvi"]
[Black "Lasinskas, Povilas"]
[Result "0-1"]
[WhiteElo "1928"]
[BlackElo "2170"]
[PlyCount "100"]
[EventDate "2012.03.06"]
[EventType "swiss"]
[EventRounds "9"]
[EventCountry "ISL"]
[SourceTitle "CBM 147 Extra"]
[Source "ChessBase"]
[SourceDate "2012.04.24"]
[SourceVersion "1"]
[SourceVersionDate "2012.04.24"]
[SourceQuality "1"]

1. e4 e5 2. Nf3 d6 3. d4 Nd7 4. Bc4 c6 5. Nc3 Qc7 6. Be3 Be7 7. Qd2 Ngf6 8. h3 b5 9. Bd3 b4 10. Ne2 c5 11. c3 Bb7 12. d5 a5 13. c4 0-0 14. Ng3 Rfe8 15. Nf5 Nf8 16. Bh6 g6 17. Qg5 Nh5 18. Nxe7+ Qxe7 19. g4 Nf4 20. Qxe7 Rxe7 21. Kd2 Nd7 22. Rh2 Nb6 23. Bg5 Ree8 24. Ke3 Ba6 25. Nd2 Nxd3 26. Kxd3 Kg7 27. f3 h6 28. Be3 Kh7 29. Rg2 Na4 30. Kc2 Nb6 31. Kd3 Bc8 32. Rag1 Bd7 33. Rg3 Rg8 34. R3g2 Raf8 35. Rg3 Bc8 36. R3g2 Ba6 37. Rg3 f6 38. h4 Rf7 39. h5 gxh5 40. Rh3 hxg4 41. Rxh6+ Kg7 42. Rxg4+ Kf8 43. Rhg6 Rxg6 44. Rxg6 Ke7 45. Rg8 Bc8 46. Nb3 a4 47. Na5 Bh3 48. Rg1 f5 49. Nb7 fxe4+ 50. fxe4 Kd7 0-1

[Event "Reykjavik op"]
[Site "Reykjavik"]
[Date "2012.03.09"]
[Round "4"]
[White "Holm, Kristian Stuvik"]
[Black "Sverrisson, Nokkvi"]
[Result "1-0"]
[WhiteElo "2290"]
[BlackElo "1928"]
[PlyCount "55"]
[EventDate "2012.03.06"]
[EventType "swiss"]
[EventRounds "9"]
[EventCountry "ISL"]
[SourceTitle "CBM 147 Extra"]
[Source "ChessBase"]
[SourceDate "2012.04.24"]
[SourceVersion "1"]
[SourceVersionDate "2012.04.24"]
[SourceQuality "1"]

1. d4 Nf6 2. c4 c5 3. d5 e6 4. Nc3 exd5 5. cxd5 d6 6. Nf3 g6 7. Nd2 a6 8. a4 Nbd7 9. e4 Bg7 10. Be2 0-0 11. 0-0 Re8 12. Re1 Qc7 13. Qc2 Rb8 14. Nc4 Nb6 15. Ne3 Nbd7 16. f4 Re7 17. Bd2 Ne8 18. Bf3 Bd4 19. Ne2 Qb6 20. a5 Qa7 21. Kh1 Ndf6 22. Nxd4 cxd4 23. Nc4 Qc5 24. b4 Qc7 25. Qd3 Bg4 26. Qxd4 Bxf3 27. gxf3 Qc8 28. f5 1-0

[Event "Reykjavik op"]
[Site "Reykjavik"]
[Date "2012.03.07"]
[Round "2"]
[White "Vuilleumier, Alexandre"]
[Black "Sverrisson, Nokkvi"]
[Result "1-0"]
[WhiteElo "2350"]
[BlackElo "1928"]
[PlyCount "72"]
[EventDate "2012.03.06"]
[EventType "swiss"]
[EventRounds "9"]
[EventCountry "ISL"]
[SourceTitle "CBM 147 Extra"]
[Source "ChessBase"]
[SourceDate "2012.04.24"]
[SourceVersion "1"]
[SourceVersionDate "2012.04.24"]
[SourceQuality "1"]

1. e4 c5 2. Nf3 d6 3. c3 Nf6 4. h3 g6 5. Bd3 Bg7 6. 0-0 0-0 7. Re1 b6 8. Bc2 Bb7 9. d4 cxd4 10. cxd4 Nbd7 11. Nc3 Qc7 12. Bg5 a6 13. Rc1 Rac8 14. Qd2 e5 15. d5 b5 16. Bb1 Qb8 17. Nh2 Nb6 18. b3 Nfd7 19. Ng4 b4 20. Ne2 a5 21. Nh6+ Kh8 22. Be7 Bxh6 23. Qxh6 Rfe8 24. Bg5 Ba6 25. Ng3 Kg8 26. Nf1 f6 27. Bd2 Rxc1 28. Bxc1 Rc8 29. h4 Rc7 30. h5 Qf8 31. Qd2 Nc5 32. Nh2 Bc8 33. hxg6 hxg6 34. Bc2 Rh7 35. a3 g5 36. Qe3 Ba6 1-0

[Event "Nordic School-ch U20"]
[Site "Espoo"]
[Date "2012.02.18"]
[Round "4"]
[White "Lindgren, Philip"]
[Black "Sverrisson, Nokkvi"]
[Result "1/2-1/2"]
[WhiteElo "2166"]
[BlackElo "1930"]
[PlyCount "138"]
[EventDate "2012.02.17"]
[EventType "swiss"]
[EventRounds "6"]
[EventCountry "FIN"]
[SourceTitle "EXT 2022"]
[Source "ChessBase"]
[SourceDate "2021.10.06"]
[SourceVersion "1"]
[SourceVersionDate "2021.10.06"]
[SourceQuality "1"]

1. d4 Nf6 2. c4 c5 3. d5 e6 4. Nc3 exd5 5. cxd5 d6 6. e4 g6 7. h3 Bg7 8. Nf3 0-0 9. Bd3 a6 10. a4 Re8 11. 0-0 Qc7 12. Re1 Nbd7 13. Bf4 Rb8 14. Rc1 Nh5 15. Bh2 c4 16. Bf1 b5 17. axb5 axb5 18. Nd4 Ba6 19. b4 Be5 20. Ra1 Rb6 21. Ra5 Bxh2+ 22. Kxh2 Ne5 23. Qd2 Qe7 24. Rea1 Bc8 25. Rxb5 Rxb5 26. Ncxb5 Qf6 27. Ra8 Bd7 28. Rxe8+ Bxe8 29. Nc3 Bd7 30. b5 Nf4 31. b6 Bc8 32. Qe3 Nfd3 33. Kg1 Bb7 34. Ncb5 Nc5 35. Na3 Qd8 36. f4 Ned7 37. Nxc4 Nxb6 38. Nxb6 Qxb6 39. Bd3 Qb2 40. Bc2 Kg7 41. Kh2 h6 42. Bd1 Qb1 43. Bf3 Qa2 44. e5 Bxd5 45. exd6 Bxf3 46. Nxf3 Qd5 47. Qc3+ f6 48. Qd4 Qxd4 49. Nxd4 Kf7 50. f5 gxf5 51. Nxf5 Ke6 52. Nxh6 Kxd6 53. Kg3 Ke5 54. Kg4 Ke6 55. h4 Nd7 56. g3 Ne5+ 57. Kh5 f5 58. Kg5 Nf3+ 59. Kf4 Nd4 60. h5 Kf6 61. Ng8+ Kf7 62. Nh6+ Kf6 63. Nxf5 Nxf5 64. g4 Ng7 65. g5+ Kf7 66. h6 Ne6+ 67. Kf5 Nxg5 68. Kxg5 Kg8 69. h7+ Kxh7 1/2-1/2

[Event "South Wales op 8th"]
[Site "Penarth"]
[Date "2011.07.13"]
[Round "8"]
[White "Hollan, Martin"]
[Black "Sverrisson, Nokkvi"]
[Result "0-1"]
[WhiteElo "1415"]
[BlackElo "1919"]
[PlyCount "50"]
[EventDate "2011.07.09"]
[EventType "swiss"]
[EventRounds "9"]
[EventCountry "WLS"]
[SourceTitle "CBM 143 Extra"]
[Source "ChessBase"]
[SourceDate "2011.08.29"]
[SourceVersion "1"]
[SourceVersionDate "2011.08.29"]
[SourceQuality "1"]

1. e4 c5 2. Nf3 d6 3. d4 cxd4 4. Nxd4 Nf6 5. Nc3 g6 6. Be3 Bg7 7. Be2 Nc6 8. f3 0-0 9. Qd2 Bd7 10. 0-0 Rc8 11. Kh1 Ne5 12. Bh6 Nc4 13. Bxc4 Rxc4 14. Bxg7 Kxg7 15. f4 Qb6 16. e5 Qxd4 17. Qxd4 Rxd4 18. exf6+ Kxf6 19. Rae1 Bc6 20. Re3 Rd2 21. Ne2 Rxc2 22. f5 g5 23. h4 h6 24. Kh2 Rxe2 25. Rxe2 Bb5 0-1

[Event "South Wales op 8th"]
[Site "Penarth"]
[Date "2011.07.12"]
[Round "7"]
[White "Sverrisson, Nokkvi"]
[Black "Rudd, Jack"]
[Result "0-1"]
[WhiteElo "1919"]
[BlackElo "2278"]
[PlyCount "80"]
[EventDate "2011.07.09"]
[EventType "swiss"]
[EventRounds "9"]
[EventCountry "WLS"]
[SourceTitle "CBM 143 Extra"]
[Source "ChessBase"]
[SourceDate "2011.08.29"]
[SourceVersion "1"]
[SourceVersionDate "2011.08.29"]
[SourceQuality "1"]

1. e4 d6 2. d4 g6 3. Nc3 Bg7 4. Be3 Nd7 5. Nf3 e6 6. Bc4 a6 7. a4 b6 8. 0-0 Bb7 9. d5 e5 10. h3 Ne7 11. b4 h6 12. Nd2 f5 13. f3 f4 14. Bf2 g5 15. Be2 Nf6 16. a5 b5 17. Nxb5 axb5 18. Bxb5+ Kf7 19. a6 Bc8 20. c4 h5 21. c5 g4 22. cxd6 cxd6 23. Nc4 Ng6 24. Bb6 Qe7 25. a7 gxh3 26. Bc6 hxg2 27. Kxg2 Nxe4 28. fxe4 Qg5+ 29. Kh1 Qh4+ 30. Kg1 Qg3+ 31. Kh1 Qh3+ 32. Kg1 Nh4 33. Nxd6+ Kg8 34. Qe2 Rh6 35. Qh2 Nf3+ 36. Rxf3 Rg6+ 37. Rg3 Rxg3+ 38. Kh1 Qg4 39. Rg1 Qf3+ 40. Rg2 Bh3 0-1